[Event "IND-ch U11 20th"]
[Site "Chennai"]
[Date "2006.11.05"]
[Round "3"]
[White "Sai, Krishna GV"]
[Black "Megh, Patel"]
[Result "1-0"]
[WhiteElo "2057"]
[BlackElo "1895"]
[PlyCount "165"]
[EventDate "2006.11.04"]
[EventType "swiss"]
[EventRounds "11"]
[EventCountry "IND"]
[SourceTitle "EXT 2010"]
[Source "ChessBase"]
[SourceDate "2010.11.25"]
[SourceVersion "1"]
[SourceVersionDate "2010.11.25"]
[SourceQuality "1"]

1. e4 c6 2. d4 d5 3. Nc3 dxe4 4. Nxe4 Bf5 5. Ng3 Bg6 6. h4 h6 7. Nf3 Nd7 8. Bd3 Bxd3 9. Qxd3 Qc7 10. Bd2 e6 11. 0-0-0 Ngf6 12. Ne4 0-0-0 13. g3 Nxe4 14. Qxe4 Bd6 15. c4 c5 16. Bc3 Rhe8 17. Qe2 Nf6 18. Kb1 cxd4 19. Nxd4 a6 20. Nb3 Qc6 21. c5 Be7 22. f3 Kb8 23. Ba5 Rxd1+ 24. Rxd1 Ka8 25. Bb6 Nd5 26. Na5 Qb5 27. Qxb5 axb5 28. Nb3 Bd8 29. Nd4 Nxb6 30. cxb6 Bxb6 31. Nxb5 Rd8 32. Rxd8+ Bxd8 33. h5 Be7 34. Kc2 b6 35. Kd3 Kb7 36. Nd4 Bf6 37. b4 Kc7 38. a4 Kd6 39. Kc4 Bd8 40. Kb5 g6 41. f4 gxh5 42. Nc6 Bc7 43. Ne5 f5 44. Nc4+ Kd7 45. Nxb6+ Bxb6 46. Kxb6 e5 47. fxe5 f4 48. gxf4 h4 49. e6+ Kxe6 50. f5+ Kxf5 51. Ka7 h3 52. b5 h2 53. b6 h1Q 54. a5 Qa1 55. a6 Qg7+ 56. b7 Ke6 57. Ka8 Qg2 58. Ka7 Qf2+ 59. Ka8 Qf3 60. Ka7 Qe3+ 61. Ka8 Qe4 62. Ka7 Qd4+ 63. Ka8 Qd5 64. Ka7 Qc5+ 65. Ka8 Qc6 66. Ka7 Qc7 67. Ka8 Qb6 68. a7 Kd7 69. b8Q Qf6 70. Qb5+ Kc8 71. Qc5+ Kd7 72. Qd5+ Kc8 73. Qg8+ Kc7 74. Qb8+ Kd7 75. Qb7+ Kd8 76. Qd5+ Kc8 77. Qc5+ Kd7 78. Kb7 Qf3+ 79. Ka6 Qf6+ 80. Kb5 Qb2+ 81. Ka5 Qd2+ 82. Kb6 Qg2 83. Qc7+ 1-0